00384 2200157 4500001002100000005001500021035002000036245004200056100002100098300001200119260003900131082000800170084001400178020002200192990001200214INLIS00000000000174720250505020051 a0010-05250000391 aMy Lovely Unicorn /cShofiyyah Lukman0 aShofiyyah Lukman a106 hlm aYogyakarta :bBentang Belia,c2013 a800 a800 SHO m a978-602-7979-60-6 a0754620